Samantha learns a lesson : (Record no. 13326)
[ view plain ]
| 000 -LEADER | |
|---|---|
| fixed length control field | 00797cam a2200229 a 4500 |
| 020 ## - INTERNATIONAL STANDARD BOOK NUMBER | |
| ISBN | 0937295833 (hardcover) |
| 020 ## - INTERNATIONAL STANDARD BOOK NUMBER | |
| ISBN | 0937295132 (pbk.) |
| 040 ## - CATALOGING SOURCE | |
| Transcribing agency | DLC |
| 082 00 - DEWEY DECIMAL CLASSIFICATION NUMBER | |
| Classification number | 329 PLE 1998 A013 Or. |
| 100 1# - MAIN ENTRY--AUTHOR NAME | |
| Personal name | Adler, Susan S., |
| 245 10 - TITLE STATEMENT | |
| Title | Samantha learns a lesson : |
| Remainder of title | a school story / |
| 260 ## - PUBLICATION, DISTRIBUTION, ETC. (IMPRINT) | |
| Place of publication | Middleton, WI : |
| Name of publisher | Pleasant Co., |
| Year of publication | c1998. |
| 300 ## - PHYSICAL DESCRIPTION | |
| Number of Pages | 61 p. : |
| Other physical details | ill. (some col.) ; |
| Dimensions | 22 cm. |
| 500 ## - GENERAL NOTE | |
| General note | "Book two, 1904"--Cover. |
| 520 ## - SUMMARY, ETC. | |
| Summary, etc | When nine-year-old Nellie begins to attend school, Samantha determines to help her with her schoolwork and learns a great deal herself about what it is like to be a poor child and work in a factory. |
| 650 #1 - SUBJECT ADDED ENTRY--TOPICAL TERM | |
| Topical Term | Schools |
| 650 #1 - SUBJECT ADDED ENTRY--TOPICAL TERM | |
| Topical Term | Friendship |
| 650 #1 - SUBJECT ADDED ENTRY--TOPICAL TERM | |
| Topical Term | Child labor |
| 650 #1 - SUBJECT ADDED ENTRY--TOPICAL TERM | |
| Topical Term | Orphans |
| 700 1# - ADDED ENTRY--PERSONAL NAME | |
| Personal name | Andreasen, Dan, |
| 942 ## - ADDED ENTRY ELEMENTS (KOHA) | |
| Koha item type | សៀវភៅភាសាអង់គ្លេស |
| 952 ## - LOCATION AND ITEM INFORMATION (KOHA) | |
| Withdrawn status [LOCAL, KOHA] | 0 |
| Permanent Location | Date acquired | Koha item type | Lost status | Shelving location | Barcode | Current Location | Full call number |
|---|---|---|---|---|---|---|---|
| Library Block A | 2017-08-23 | សៀវភៅភាសាអង់គ្លេស | A013 | A21001 | Library Block A | 329 PLE 1998 A013 Or. |